000 00503nam a22001697a 4500
003 OSt
005 20120302145334.0
008 090429t xxu||||| |||| 00| 0 eng d
035 _a३२७९
040 _cमराठी
245 _aनिबंधकार टिळक
250 _a१ ली
260 _aपुणे
_bकेसरी
_c१९७१
300 _b१५८ पाने
700 _aसंग्रहित - केळकर, न. चि.
_94371
942 _2ddc
_cBOOK
999 _c489515
_d489512